Phân lập và tuyển chọn xạ khuẩn trong phòng trị bệnh thán thư trên xoài do nấm Colletotrichum SP. : Luận văn thạc sĩ. Chuyên ngành Bảo vệ thực vật

Phân lập và tuyển chọn xạ khuẩn trong phòng trị bệnh thán thư trên xoài do nấm Colletotrichum SP. gây ra

Đã lưu trong:
书目详细资料
主要作者: Lê, Hữu Chí
格式: 图书
语言:Undetermined
出版: Cần Thơ Trường Đại học Cần Thơ 2016
主题:
标签: 添加标签
没有标签, 成为第一个标记此记录!
Thư viện lưu trữ: Trung tâm Học liệu Trường Đại học Cần Thơ
LEADER 01026nam a2200229Ia 4500
001 CTU_213542
008 210402s9999 xx 000 0 und d
082 |a 634.44 
082 |b Ch300 
088 |a 60620112 
100 |a Lê, Hữu Chí 
245 0 |a Phân lập và tuyển chọn xạ khuẩn trong phòng trị bệnh thán thư trên xoài do nấm Colletotrichum SP. : 
245 0 |b Luận văn thạc sĩ. Chuyên ngành Bảo vệ thực vật 
245 0 |c Lê Hữu Chí ; Lê Minh Tường (Cán bộ hướng dẫn) 
260 |a Cần Thơ 
260 |b Trường Đại học Cần Thơ 
260 |c 2016 
520 |a Phân lập và tuyển chọn xạ khuẩn trong phòng trị bệnh thán thư trên xoài do nấm Colletotrichum SP. gây ra 
650 |a Trái cây,Fruit 
650 |x Bệnh và sâu bệnh,Diseases and pests 
904 |i Nguyên 
980 |a Trung tâm Học liệu Trường Đại học Cần Thơ